| 000 | 00646nam a22001811a 4500 | ||
|---|---|---|---|
| 001 | 18967 | ||
| 003 | OSt | ||
| 005 | 20260204212431.0 | ||
| 008 | 181108s2018||||dr ||||||b||||||||||spa|| | ||
| 090 | _aET-2018-137 | ||
| 100 | _aAlejo Almonte, Rosanna | ||
| 245 | _aUso del entorno natural para eficientizar el proceso de aprendizaje de los niños del Distrito 16-01/Rosanna Alejo Almonte, Ana María Vásquez y Magali Mercedes canario.Asesora:Melania Mirambeaux Cassó,M.A | ||
| 264 | _aCotuí:El Autor | ||
| 300 | _a74 p. | ||
| 502 | _aTesis (Licenciatura en Educación, Mención Básica) | ||
| 650 | _aEducación BásicaÌ | ||
| 942 |
_2ddc _cTH |
||
| 999 |
_c18967 _d18967 |
||